Tên gọi các kì thi, trường thi, sĩ tử và học vị trong tiểu thuyết Lều chõng của Ngô Tất Tố

Những vấn đề lí luận liên quan đến đề tài. Khảo sát về tên gọi các kì thi, trường thi, sĩ tử và học vị trong tiểu thuyết Lều chõng của Ngô Tất Tố. Vai trò của các từ ngữ gọi tên các kì thi, trường thi, sĩ tử và học vị đối với giá trị biểu đạt của tiểu thuyết Lều chõng....

Szczegółowa specyfikacja

Zapisane w:
Opis bibliograficzny
1. autor: Nguyễn Thị Mai Thu
Kolejni autorzy: Bùi Trọng Ngoãn TS. (Hướng dẫn)
Format: Książka
Język:Vietnamese
Wydane: Đà Nẵng Đại học Sư phạm, Đại học Đà Nẵng 2013
Hasła przedmiotowe:
Etykiety: Dodaj etykietę
Nie ma etykietki, Dołącz pierwszą etykiete!
Thư viện lưu trữ: Mạng thư viện Đại học Đà Nẵng
LEADER 02040nam a2200433 4500
001 000019012
003 15447
005 20140313110320.0
008 140226s2013 viesd
041 |a vie 
072 |a VH 
082 1 4 |a 895.922332  |b NG-T 
100 1 |a Nguyễn Thị Mai Thu 
245 1 0 |a Tên gọi các kì thi, trường thi, sĩ tử và học vị trong tiểu thuyết Lều chõng của Ngô Tất Tố  |c Nguyễn Thị Mai Thu ; Bùi Trọng Ngoãn hướng dẫn  |k Khóa luận tốt nghiệp 
260 |a Đà Nẵng  |b Đại học Sư phạm, Đại học Đà Nẵng  |c 2013 
300 |a 66 tr.  |c 29 cm. 
500 |a Khóa luận tốt nghiệp đại học. Chuyên ngành: Sư phạm Ngữ văn 
520 |a Những vấn đề lí luận liên quan đến đề tài. Khảo sát về tên gọi các kì thi, trường thi, sĩ tử và học vị trong tiểu thuyết Lều chõng của Ngô Tất Tố. Vai trò của các từ ngữ gọi tên các kì thi, trường thi, sĩ tử và học vị đối với giá trị biểu đạt của tiểu thuyết Lều chõng. 
600 1 4 |a Ngô Tất Tố  |d 1894-1954  |t Lều chõng 
650 0 4 |a Tiểu thuyết Việt Nam  |v Khóa luận tốt nghiệp  |x Ngô Tất Tố 
653 |a Khoa Ngữ văn 
653 |a Lều chõng 
653 |a Kì thi 
653 |a Trường thi 
653 |a Sĩ tử 
653 |a Học vị 
653 |a Tiểu thuyết Việt Nam 
653 |a Văn học Việt Nam 
700 1 |a Bùi Trọng Ngoãn  |c TS.  |e Hướng dẫn 
OWN |a LSP 
AVA |a UDN50  |b LSP  |d 895.922332 NG-T  |e available  |t Error 5001 Not defined in file expand_doc_bib_avail.  |f 1  |g 0  |h N  |i 0  |k 1 
999 |a From the UDN01 
AVA |a UDN50  |b LSP  |d 895.922332 NG-T  |e available  |t Error 5001 Not defined in file expand_doc_bib_avail.  |f 1  |g 0  |h N  |i 0  |k 1 
TYP |a Monograph 
TYP |a Printed language 
980 |a Mạng thư viện Đại học Đà Nẵng